000 00462nam a22001937a 4500
003 MPLRDC
005 20220104124552.0
008 210129b ||||| |||| 00| 0 eng d
020 _a957-444-009-5
082 _a854.6 GQS
100 _a郭强生
245 _a在美国
_c
250 _a初版
260 _a台湾
_b九歌出版社有限公司
_c2003
300 _b279
490 _a九歌文库: 650
650 _a话剧剧本
942 _cBK
_o854.6 GQS
999 _c20386
_d20376